[Event "II C.to Italiano Serie Nazionali a squadre"]
[Site "Arvier ITA"]
[Date "2008.05.02"]
[Round "2"]
[White "Voicu, Joan Paul"]
[Black "Pagan, Nicolo'"]
[Result "1-0"]
[WhiteElo "2143"]
[BlackElo "1673"]
[PlyCount "75"]
[EventDate "2008.05.02"]

1. e4 c6 2. d4 d5 3. f3 dxe4 4. fxe4 Nf6 5. Nc3 Bg4 6. Be2 Bxe2 7. Ngxe2 e5 8.
Bg5 exd4 9. Nxd4 Nbd7 10. Qd2 Qa5 11. O-O-O O-O-O 12. Nb3 Qe5 13. Bf4 Qh5 14.
Nd5 Nxd5 15. exd5 Qxd5 16. Qf2 Qf5 17. g4 Qf6 18. g5 Qf5 19. Nd4 Qa5 20. Kb1
Qb6 21. Qf3 g6 22. Rd3 Bg7 23. Rhd1 Ne5 24. Qh3+ Kb8 25. Qg3 Rhe8 26. Nf3 Rxd3
27. Rxd3 Qc5 28. Re3 Qd5 29. Re1 Rd8 30. Bxe5+ Ka8 31. Nd4 Bf8 32. Qf3 Qc4 33.
Qb3 Qa6 34. Qxf7 Qa5 35. c3 a6 36. Bc7 Qd5 37. Qxd5 Rxd5 38. Re8+ 1-0

[Event "II C.to Italiano Serie Nazionali a squadre"]
[Site "Arvier ITA"]
[Date "2008.05.02"]
[Round "2"]
[White "Zamengo, Bruno"]
[Black "Giobbi, Costantino"]
[Result "0-1"]
[WhiteElo "1650"]
[BlackElo "1968"]
[PlyCount "48"]
[EventDate "2008.05.02"]

1. e4 c5 2. Nf3 d6 3. d4 cxd4 4. Nxd4 Nf6 5. f3 e5 6. Nb5 a6 7. N5a3 Be6 8. c4
Nc6 9. Nc2 Be7 10. Nc3 O-O 11. Be3 Nh5 12. Bd3 Nf4 13. Nd5 Nxg2+ 14. Ke2 Nxe3
15. Ncxe3 Nd4+ 16. Kd2 Bxd5 17. exd5 Bg5 18. a3 Qb6 19. b4 Nb3+ 20. Qxb3 Qxe3+
21. Kc2 b5 22. cxb5 Rac8+ 23. Kb1 axb5 24. Ra2 Rc1+ 0-1

[Event "II C.to Italiano Serie Nazionali a squadre"]
[Site "Arvier ITA"]
[Date "2008.05.02"]
[Round "2"]
[White "Zanin, Dario"]
[Black "Farachi, Francesco"]
[Result "1-0"]
[WhiteElo "2026"]
[BlackElo "2103"]
[PlyCount "75"]
[EventDate "2008.05.02"]

1. e4 c5 2. Nf3 Nc6 3. d4 cxd4 4. Nxd4 Nf6 5. Nc3 e5 6. Ndb5 d6 7. Bg5 a6 8.
Na3 b5 9. Nd5 Be7 10. Bxf6 Bxf6 11. c3 Bg5 12. Nc2 Rb8 13. Bd3 Be6 14. O-O O-O
15. f4 exf4 16. Nxf4 Bxf4 17. Rxf4 Qg5 18. Rf2 Ne5 19. Be2 Rbd8 20. Nb4 Ng6 21.
Nd5 Rfe8 22. a4 Bxd5 23. Qxd5 Qxd5 24. exd5 Rb8 25. axb5 axb5 26. Ra6 Nf4 27.
Rxf4 Rxe2 28. Rxd6 Rxb2 29. Rd7 f6 30. Re4 Ra8 31. h4 Ra1+ 32. Kh2 Kf8 33. Ree7
g5 34. d6 Ra8 35. Rxh7 Kg8 36. hxg5 fxg5 37. Rdg7+ Kf8 38. Rxg5 1-0

[Event "II C.to Italiano Serie Nazionali a squadre"]
[Site "Arvier ITA"]
[Date "2008.05.02"]
[Round "2"]
[White "Zoldan, Matteo"]
[Black "Turrin, Osvaldo"]
[Result "1/2-1/2"]
[WhiteElo "2208"]
[BlackElo "1997"]
[PlyCount "80"]
[EventDate "2008.05.02"]

1. d4 Nf6 2. Nf3 g6 3. c4 Bg7 4. Nc3 O-O 5. Bg5 c5 6. e3 cxd4 7. Nxd4 Qa5 8.
Bxf6 Bxf6 9. Be2 Nc6 10. O-O Bg7 11. Qd2 d6 12. Rfd1 Bd7 13. Nd5 Qd8 14. Rac1
Nxd4 15. exd4 e6 16. Nc3 Qh4 17. g3 Qh3 18. Bf1 Qh5 19. Be2 Qa5 20. Bf3 Rab8
21. Rb1 Rfc8 22. b3 Bc6 23. Bxc6 bxc6 24. Na4 Qxd2 25. Rxd2 d5 26. c5 Rb4 27.
Rbd1 f6 28. f4 e5 29. Kf2 exd4 30. Rxd4 Rxd4 31. Rxd4 f5 32. Rd2 Re8 33. Nb2
Kf7 34. Nd3 Bd4+ 35. Kf1 Re4 36. Rc2 Ke6 37. b4 Kd7 38. a4 Re3 39. Ne5+ Bxe5
40. fxe5 Rxe5 1/2-1/2

[Event "II C.to Italiano Serie Nazionali a squadre"]
[Site "Arvier ITA"]
[Date "2008.05.03"]
[Round "3"]
[White "Antonelli, Fabrizio"]
[Black "Zamengo, Bruno"]
[Result "1-0"]
[WhiteElo "2035"]
[BlackElo "1650"]
[PlyCount "73"]
[EventDate "2008.05.02"]

1. e4 e6 2. Qe2 c5 3. f4 Nc6 4. c3 Qc7 5. g3 b6 6. Bg2 Bb7 7. Nf3 Be7 8. Na3
Nf6 9. d3 d5 10. e5 Nd7 11. O-O Ba6 12. Bd2 O-O 13. Nc2 Bb7 14. Rac1 Rfd8 15.
Ne3 Qb8 16. Ng4 Nf8 17. h4 d4 18. c4 Re8 19. Ng5 Bxg5 20. hxg5 Ne7 21. Bxb7
Qxb7 22. Nf2 Nf5 23. Ne4 Red8 24. Qf3 Qd7 25. Rf2 Qa4 26. g4 Nh4 27. Qg3 Nhg6
28. f5 Qxa2 29. fxg6 Nxg6 30. Nd6 Rd7 31. Rcf1 Qxb2 32. Bc1 Qb3 33. Nxf7 a5 34.
Nd6 Rda7 35. Rb2 Qc3 36. Nb5 Qa3 37. Nxa3 1-0

[Event "II C.to Italiano Serie Nazionali a squadre"]
[Site "Arvier ITA"]
[Date "2008.05.03"]
[Round "3"]
[White "Braga, Fernando Alberto"]
[Black "Sbarra, Marco"]
[Result "1-0"]
[WhiteElo "2428"]
[BlackElo "2243"]
[PlyCount "49"]
[EventDate "2008.05.02"]

1. Nf3 d5 2. c4 e6 3. e3 c5 4. d4 Nc6 5. Nc3 Nf6 6. a3 Ne4 7. Bd3 Nxc3 8. bxc3
Be7 9. O-O O-O 10. Qe2 Bf6 11. Nd2 cxd4 12. cxd4 e5 13. cxd5 Qxd5 14. Bc4 Qd8
15. d5 Ne7 16. Ne4 Ng6 17. Bb2 Bg5 18. d6 Bd7 19. f4 exf4 20. Qh5 Bh6 21. Nf6+
gxf6 22. Qxh6 Rc8 23. Rxf4 Nxf4 24. Qxf4 Re8 25. Rf1 1-0

[Event "II C.to Italiano Serie Nazionali a squadre"]
[Site "Arvier ITA"]
[Date "2008.05.03"]
[Round "3"]
[White "Buchicchio, Giampaolo"]
[Black "Bruno, Fabio"]
[Result "1/2-1/2"]
[WhiteElo "2287"]
[BlackElo "2450"]
[PlyCount "68"]
[EventDate "2008.05.02"]

1. e4 c5 2. c3 e6 3. d4 d5 4. exd5 exd5 5. Nf3 Nc6 6. Be3 cxd4 7. Nxd4 Nf6 8.
Be2 Bd6 9. Nd2 O-O 10. O-O Ne5 11. Bg5 Ng6 12. Re1 h6 13. Be3 a6 14. Nf1 Ne4
15. Qb3 Ne7 16. Ng3 Qc7 17. Bf3 Nc5 18. Qc2 Bd7 19. Ndf5 Be6 20. Nxd6 Qxd6 21.
Qd2 Rfd8 22. Bxh6 Ne4 23. Bxe4 dxe4 24. Qxd6 Rxd6 25. Bg5 f6 26. Bf4 Rb6 27.
Rxe4 Nd5 28. Be3 Rc6 29. Bd4 Bf7 30. Rae1 b5 31. Rg4 Be6 32. Rge4 Bf7 33. Rg4
Be6 34. Rge4 Bf7 1/2-1/2

[Event "II C.to Italiano Serie Nazionali a squadre"]
[Site "Arvier ITA"]
[Date "2008.05.03"]
[Round "3"]
[White "Caldi, Mario"]
[Black "Zanin, Dario"]
[Result "1/2-1/2"]
[WhiteElo "1814"]
[BlackElo "2026"]
[PlyCount "69"]
[EventDate "2008.05.02"]

1. e4 e5 2. Nf3 Nc6 3. Bb5 a6 4. Ba4 Nf6 5. O-O Be7 6. Re1 b5 7. Bb3 O-O 8. c3
d6 9. h3 Bb7 10. d4 exd4 11. cxd4 Na5 12. Bc2 c5 13. d5 Re8 14. Nbd2 Bf8 15.
Nf1 g6 16. b3 Bg7 17. Bb2 Rc8 18. Rc1 Qc7 19. Ng3 Ba8 20. Qd2 Rb8 21. Bb1 Nb7
22. Qf4 Nxd5 23. Qd2 Nf6 24. e5 Nd7 25. exd6 Qxd6 26. Qc2 Bxb2 27. Qxb2 Qf6 28.
Qd2 Ne5 29. Nxe5 Rxe5 30. Rxe5 Qxe5 31. Re1 Qd6 32. Qg5 Qd8 33. Qe5 Qd6 34. Qg5
Qd8 35. Qe5 1/2-1/2

[Event "II C.to Italiano Serie Nazionali a squadre"]
[Site "Arvier ITA"]
[Date "2008.05.03"]
[Round "3"]
[White "Chiarion, Elisa"]
[Black "Di Primio, Eugenia"]
[Result "1/2-1/2"]
[WhiteElo "1897"]
[BlackElo "1992"]
[PlyCount "134"]
[EventDate "2008.05.02"]

1. e4 e5 2. Nf3 Nc6 3. Bc4 Bc5 4. c3 Nf6 5. d3 d6 6. O-O a6 7. Bb3 Ba7 8. Nbd2
O-O 9. Re1 Ne7 10. Nf1 Ng6 11. d4 Bg4 12. d5 Qe8 13. h3 Bd7 14. Ng3 Qc8 15. Bc2
a5 16. c4 h6 17. Ba4 Ne7 18. Bxd7 Qxd7 19. Nh4 Kh7 20. Qf3 Nfg8 21. Nhf5 Nxf5
22. exf5 Qe7 23. Ne4 Bd4 24. f6 Nxf6 25. Qf5+ Kh8 26. Nxf6 Qxf6 27. Qxf6 gxf6
28. Bxh6 Rg8 29. Re4 Rg6 30. Rh4 Kg8 31. Kf1 f5 32. Bd2 b6 33. Rb1 f4 34. b3
Kg7 35. Rd1 Bc5 36. Bc3 f6 37. Rd3 Re8 38. Rf3 Bb4 39. Bb2 Bd2 40. Rd3 Bb4 41.
Rf3 Bd2 42. Rd3 Bb4 43. Rf3 Bc5 44. Bc3 Ba3 45. Bd2 Bb2 46. Kg1 Bd4 47. Kf1 Re7
48. Rg4 Rxg4 49. hxg4 Kg6 50. g3 fxg3 51. Rxg3 Rh7 52. Kg2 e4 53. Rh3 Rxh3 54.
Kxh3 Bxf2 55. Kg2 Bh4 56. Be3 Bg5 57. Bd4 Bf4 58. Bc3 Kg5 59. Kh3 Be3 60. Kg3
Bf4+ 61. Kh3 Be3 62. Kg3 Bc5 63. Bd2+ e3 64. Bc1 Bd4 65. Kf3 Bc5 66. Kg3 Bd4
67. Kf3 Bc5 1/2-1/2

[Event "II C.to Italiano Serie Nazionali a squadre"]
[Site "Arvier ITA"]
[Date "2008.05.03"]
[Round "3"]
[White "Corvi, Marco"]
[Black "Frigieri, Fabrizio"]
[Result "1-0"]
[WhiteElo "2347"]
[BlackElo "2082"]
[PlyCount "117"]
[EventDate "2008.05.02"]

1. c4 e6 2. Nf3 d5 3. g3 dxc4 4. Qa4+ Nd7 5. Qxc4 a6 6. Bg2 b5 7. Qc2 Bb7 8.
O-O c5 9. b3 Ngf6 10. Bb2 Be7 11. d3 O-O 12. Nbd2 Rc8 13. Rac1 Qb6 14. Qb1 Rfd8
15. Qa1 Qa7 16. Rc2 Qa8 17. Bc3 Bf8 18. a3 Nd5 19. Be5 Re8 20. Rfc1 g6 21. e4
Bg7 22. Qa2 Ne7 23. Bc3 Bxc3 24. Rxc3 Nc6 25. Qb2 Red8 26. b4 Nde5 27. Nxe5
Nxe5 28. Bf1 c4 29. dxc4 bxc4 30. Nxc4 Rxc4 31. Bxc4 Bxe4 32. Bf1 Nf3+ 33. Rxf3
Bxf3 34. Rc7 Qd5 35. Qf6 Rf8 36. Rc3 Be4 37. Bxa6 Qd1+ 38. Bf1 Rd8 39. Rc7 Rf8
40. Qf4 Bd5 41. Rc1 Qa4 42. Qe3 Ra8 43. Rc3 h5 44. h4 Qd1 45. Qd3 Qa1 46. b5
Kh7 47. Rc7 Kg8 48. Qc3 Qb1 49. Qf6 Rf8 50. Qd4 Qb3 51. Rc3 Qb1 52. a4 Ra8 53.
a5 Rb8 54. a6 Kh7 55. Rc7 Qf5 56. Qf4 Qxf4 57. gxf4 Kg7 58. a7 Ra8 59. Bg2 1-0

[Event "II C.to Italiano Serie Nazionali a squadre"]
[Site "Arvier ITA"]
[Date "2008.05.03"]
[Round "3"]
[White "Crepaldi, Marco"]
[Black "Broli, Carlo"]
[Result "0-1"]
[WhiteElo "1850"]
[BlackElo "1907"]
[PlyCount "51"]
[EventDate "2008.05.02"]

1. e4 Nf6 2. e5 Nd5 3. d4 d6 4. c4 Nb6 5. f4 dxe5 6. fxe5 Nc6 7. Be3 Bf5 8. Nf3
e6 9. a3 Bg4 10. Nc3 Bxf3 11. gxf3 Qh4+ 12. Bf2 Qf4 13. Qd3 O-O-O 14. Ne2 Qxe5
15. O-O-O Qa5 16. Kb1 Ne5 17. Qb3 Nexc4 18. Nc3 Nd6 19. Bd3 Be7 20. Ne4 Nf5 21.
Be2 Qa4 22. Qc3 Nd5 23. Qd2 Qb3 24. Qa5 Qb6 25. Qa4 Bg5 26. Nc5 0-1

[Event "II C.to Italiano Serie Nazionali a squadre"]
[Site "Arvier ITA"]
[Date "2008.05.03"]
[Round "3"]
[White "Farachi, Francesco"]
[Black "Cappai, Davide"]
[Result "1-0"]
[WhiteElo "2103"]
[BlackElo "2100"]
[PlyCount "48"]
[EventDate "2008.05.02"]

1. e4 g6 2. Nf3 Bg7 3. Nc3 d6 4. d4 Nc6 5. Be3 Nf6 6. h3 O-O 7. Qd2 e5 8. d5
Ne7 9. Bh6 a6 10. Be2 Bd7 11. Nh2 Ne8 12. g4 Kh8 13. Bxg7+ Kxg7 14. O-O-O b5
15. h4 h6 16. f4 f6 17. g5 exf4 18. gxh6+ Kh7 19. Qxf4 Ng8 20. Qg3 Qe7 21. Nf3
Nxh6 22. Kb1 Qg7 23. Bd3 Ng4 24. h5 g5 1-0

[Event "II C.to Italiano Serie Nazionali a squadre"]
[Site "Arvier ITA"]
[Date "2008.05.03"]
[Round "3"]
[White "Fiorido, Giuseppe"]
[Black "Gallucci, Alessio"]
[Result "0-1"]
[WhiteElo "2116"]
[BlackElo "2175"]
[PlyCount "70"]
[EventDate "2008.05.02"]

1. e4 c5 2. Nf3 d6 3. Bb5+ Bd7 4. Bxd7+ Qxd7 5. O-O g6 6. Nc3 Bg7 7. d3 Nc6 8.
Be3 e6 9. Qd2 Nd4 10. Bxd4 cxd4 11. Ne2 e5 12. Rae1 Ne7 13. Ng3 O-O 14. Nh4 Qg4
15. Nf3 Qe6 16. Nh4 Qxa2 17. f4 exf4 18. Qxf4 Qe6 19. Qg5 Rac8 20. Re2 Rc5 21.
Qc1 Nc6 22. Ref2 Ne5 23. Qd1 Ng4 24. Re2 Ne3 25. Rxe3 dxe3 26. c3 Rb5 27. Qe2
Qa2 28. Qxe3 Rxb2 29. d4 Rb1 30. Nf3 a5 31. h4 Rxf1+ 32. Kxf1 Qc4+ 33. Kg1 Rc8
34. h5 Qxc3 35. Qg5 Qc1+ 0-1

[Event "II C.to Italiano Serie Nazionali a squadre"]
[Site "Arvier ITA"]
[Date "2008.05.03"]
[Round "3"]
[White "Fontana, Enrico"]
[Black "Lucchese, Paolo"]
[Result "1-0"]
[WhiteElo "2118"]
[BlackElo "1994"]
[PlyCount "71"]
[EventDate "2008.05.02"]

1. d4 c5 2. c3 e6 3. e4 d5 4. exd5 Qxd5 5. Nf3 cxd4 6. cxd4 Nf6 7. Be2 Bb4+ 8.
Bd2 Bxd2+ 9. Qxd2 O-O 10. Nc3 Qa5 11. O-O Nc6 12. a3 Qd8 13. Rad1 Ne7 14. Ne5
Ned5 15. Bf3 a6 16. Rfe1 Qd6 17. Nc4 Qc7 18. Nxd5 Nxd5 19. Rc1 Qd8 20. Bxd5
exd5 21. Ne3 Be6 22. Rc5 Qd7 23. Rec1 Rfc8 24. Qa5 Rxc5 25. Qxc5 Rd8 26. h3 h6
27. Qc7 Kf8 28. f4 g6 29. Qe5 Qd6 30. Qh8+ Ke7 31. Qxh6 Qb6 32. f5 Qxb2 33.
Rc7+ Rd7 34. Rxd7+ Bxd7 35. Qh4+ Ke8 36. Nxd5 1-0

[Event "II C.to Italiano Serie Nazionali a squadre"]
[Site "Arvier ITA"]
[Date "2008.05.03"]
[Round "3"]
[White "Gallana, Marco"]
[Black "Lantini, Marco"]
[Result "0-1"]
[WhiteElo "1960"]
[BlackElo "2244"]
[PlyCount "117"]
[EventDate "2008.05.02"]

1. d4 Nf6 2. c4 e6 3. Nf3 b6 4. g3 Ba6 5. Qc2 Bb7 6. Nc3 c5 7. d5 exd5 8. cxd5
Nxd5 9. Bg2 Nxc3 10. Qxc3 d5 11. O-O Qf6 12. Qxf6 gxf6 13. Nh4 Na6 14. Rd1
O-O-O 15. Bf4 Bc6 16. Nf5 Nc7 17. Ne3 Bd6 18. Bh6 Be5 19. Rac1 Bxb2 20. Rc2 Be5
21. f4 Bd6 22. Rcc1 Bf8 23. Bxf8 Rhxf8 24. Ng4 Rd6 25. e4 d4 26. Ne3 Re6 27.
Nc4 Rd8 28. Bh3 Bxe4 29. Bxe6+ fxe6 30. Re1 Bd5 31. a4 Bxc4 32. Rxc4 Kb7 33.
Kf2 Kc6 34. g4 Kd5 35. Rcc1 Rf8 36. Ke2 c4 37. h4 Na6 38. g5 Nc5 39. Rf1 Nxa4
40. h5 Nc3+ 41. Ke1 b5 42. Ra1 Na4 43. Kd2 c3+ 44. Kc2 Kc4 45. g6 d3+ 46. Kc1
hxg6 47. hxg6 Kb3 48. Rb1+ Nb2 49. Rxb2+ cxb2+ 50. Kb1 Rg8 51. Rg1 a6 52. Rg2
Kc3 53. Rg3 b4 54. g7 a5 55. Rg6 a4 56. f5 a3 57. Rg3 Rxg7 58. Rxg7 Kb3 59. Ra7
0-1

[Event "II C.to Italiano Serie Nazionali a squadre"]
[Site "Arvier ITA"]
[Date "2008.05.03"]
[Round "3"]
[White "Pagan, Nicolo'"]
[Black "Shytaj, Carlo"]
[Result "0-1"]
[WhiteElo "1673"]
[BlackElo "2212"]
[PlyCount "118"]
[EventDate "2008.05.02"]

1. d4 Nf6 2. c4 e6 3. Nc3 Bb4 4. Qc2 c5 5. Nf3 cxd4 6. Nxd4 Nc6 7. e3 d5 8.
Nxc6 bxc6 9. cxd5 exd5 10. Bd2 O-O 11. Ne4 Rb8 12. Bxb4 Rxb4 13. Nc3 Re8 14. a3
Rg4 15. O-O-O Qb6 16. g3 d4 17. exd4 Rxd4 18. Rxd4 Qxd4 19. Qd2 Qc5 20. Bg2 Ng4
21. Re1 Rxe1+ 22. Qxe1 Kf8 23. Qd2 Ke7 24. Qe2+ Be6 25. Bh3 Nxf2 26. Bxe6 fxe6
27. Kb1 Qd4 28. Qf3 Qd3+ 29. Qxd3 Nxd3 30. Ne4 e5 31. Kc2 Ne1+ 32. Kc3 Nf3 33.
h3 Ke6 34. g4 Kd5 35. Kd3 Ne1+ 36. Ke3 Ng2+ 37. Kd3 Nf4+ 38. Ke3 Nxh3 39. Nc3+
Ke6 40. b4 Nf4 41. Ke4 Nd5 42. Na4 Nf6+ 43. Kf3 Kd5 44. Nc5 g5 45. Na6 e4+ 46.
Ke2 Nxg4 47. Nc7+ Kd6 48. Ne8+ Ke5 49. Nc7 h5 50. b5 cxb5 51. Nxb5 a5 52. Nc3
h4 53. Kf1 Ne3+ 54. Kf2 Nc4 55. a4 g4 56. Ne2 Nb2 57. Nc3 Nd3+ 58. Kg2 e3 59.
Ne2 Nf4+ 0-1

[Event "II C.to Italiano Serie Nazionali a squadre"]
[Site "Arvier ITA"]
[Date "2008.05.03"]
[Round "3"]
[White "Pulito, Alberto"]
[Black "Luciani, Carlo"]
[Result "1/2-1/2"]
[WhiteElo "2261"]
[BlackElo "2256"]
[PlyCount "74"]
[EventDate "2008.05.02"]

1. e4 e5 2. Nf3 Nc6 3. Bc4 Bc5 4. d3 Nf6 5. O-O a6 6. c3 Ba7 7. Bg5 h6 8. Bh4
d6 9. Nbd2 O-O 10. Bb3 Be6 11. Bc2 g5 12. Bg3 Ne8 13. Nc4 Bxc4 14. dxc4 Ne7 15.
h3 Ng7 16. Nh2 Ne6 17. Qh5 Kg7 18. Ng4 Rh8 19. Ne3 Qe8 20. Nf5+ Nxf5 21. exf5
Nd8 22. Kh1 f6 23. Qxe8 Rxe8 24. Be4 Rb8 25. a4 a5 26. Rfd1 Bc5 27. Rd2 Kf8 28.
Kg1 Ke7 29. Kf1 Ra8 30. Ke2 Ra6 31. Kd3 Rb6 32. Kc2 h5 33. h4 Rg8 34. Rh1 g4
35. Rhd1 Nf7 36. Re1 Nh6 37. Ree2 Nf7 1/2-1/2

[Event "II C.to Italiano Serie Nazionali a squadre"]
[Site "Arvier ITA"]
[Date "2008.05.03"]
[Round "3"]
[White "Quinto, Gianni"]
[Black "Pagan, Andrea"]
[Result "1-0"]
[WhiteElo "2210"]
[BlackElo "1908"]
[PlyCount "55"]
[EventDate "2008.05.02"]

1. d4 Nf6 2. c4 e6 3. Nf3 d5 4. Nc3 Nbd7 5. Bg5 Be7 6. e3 O-O 7. Qc2 h6 8. h4
a6 9. O-O-O b6 10. cxd5 exd5 11. Ne5 Bb7 12. f4 Rc8 13. Kb1 c5 14. Bd3 c4 15.
Bf5 Rc7 16. g4 b5 17. Bxf6 Nxf6 18. g5 Ne8 19. gxh6 b4 20. hxg7 Nxg7 21. Rdg1
bxc3 22. h5 Bf6 23. h6 Re8 24. Qg2 Kf8 25. hxg7+ Ke7 26. g8=Q Rxg8 27. Qxg8 Qd6
28. Qxf7+ 1-0

[Event "II C.to Italiano Serie Nazionali a squadre"]
[Site "Arvier ITA"]
[Date "2008.05.03"]
[Round "3"]
[White "Rebeggiani, Andrea"]
[Black "Salvioli, Alessandro"]
[Result "1-0"]
[WhiteElo "1978"]
[BlackElo "1836"]
[PlyCount "139"]
[EventDate "2008.05.02"]

1. e4 c5 2. Nc3 e6 3. f4 a6 4. d3 b5 5. g3 d6 6. Bg2 Bb7 7. Nf3 Qc7 8. Qe2 Be7
9. Nd1 Nc6 10. c3 h5 11. h3 Nf6 12. Nf2 d5 13. e5 Ng8 14. a3 a5 15. d4 Ba6 16.
Be3 b4 17. Qd2 c4 18. axb4 axb4 19. Qc2 g6 20. Kd2 Qb6 21. g4 Na5 22. Ke2 Nb3
23. Ra4 Qb5 24. Rha1 Nxa1 25. Rxa1 Bb7 26. Rxa8+ Bxa8 27. Nh4 bxc3 28. bxc3 Qb3
29. Kd2 Qxc2+ 30. Kxc2 Kd7 31. Bc1 Bf8 32. Nd1 Ne7 33. Nb2 Bc6 34. Bf3 Bg7 35.
Bd1 Ra8 36. Kb1 Nc8 37. Ng2 Nb6 38. Ne3 Ba4 39. Nc2 Bf8 40. h4 Bb3 41. Na1 Bxd1
42. Nxd1 Kc6 43. Nc2 Kb5 44. Bb2 Na4 45. Bc1 Nb6 46. Bb2 Nd7 47. Bc1 Nb8 48.
Bb2 Nc6 49. Nde3 Kb6 50. Nf1 Na7 51. Nd2 Nb5 52. Kc1 Ba3 53. Nb1 Bxb2+ 54. Kxb2
Ka5 55. Nb4 Nxd4 56. Nxd5 exd5 57. cxd4 Rb8+ 58. Kc2 Kb5 59. Nc3+ Kc6 60. Na4
Rb5 61. f5 Rb3 62. e6 fxe6 63. fxg6 Rg3 64. g7 Rg2+ 65. Kd1 Kb5 66. Nc3+ Kb4
67. Nxd5+ exd5 68. g8=Q Rxg4 69. Qxd5 Rxh4 70. Kc2 1-0

[Event "II C.to Italiano Serie Nazionali a squadre"]
[Site "Arvier ITA"]
[Date "2008.05.03"]
[Round "3"]
[White "Rotoni, Fabrizio"]
[Black "Massironi, Marco"]
[Result "1/2-1/2"]
[WhiteElo "2047"]
[BlackElo "2120"]
[PlyCount "112"]
[EventDate "2008.05.02"]

1. d4 d5 2. Bf4 Nf6 3. e3 c5 4. c3 Nc6 5. Nd2 Qb6 6. Qb3 Bf5 7. dxc5 Qxb3 8.
axb3 e5 9. Bg3 Bxc5 10. Ngf3 Bd6 11. Bb5 Nd7 12. O-O O-O 13. h3 a6 14. Be2 Rfe8
15. Rfd1 Nf6 16. b4 Rad8 17. b5 axb5 18. Bxb5 h6 19. c4 d4 20. exd4 exd4 21.
Bxc6 bxc6 22. Nxd4 Bg4 23. Nxc6 Bxd1 24. Nxd8 Rxd8 25. Rxd1 Bxg3 26. fxg3 Ne4
27. Nxe4 Rxd1+ 28. Kf2 Rd4 29. Ke3 Rxc4 30. Nc3 Rb4 31. Nd1 Rb3+ 32. Kf2 Rd3
33. Ke2 Rxg3 34. Kf2 Rb3 35. Ke2 f5 36. Kf2 Kf7 37. Ke2 Ke6 38. Kf2 g5 39. Ke2
Ke5 40. Kf2 Kd4 41. Ke2 h5 42. Kf2 Kd3 43. Ke1 Kc2 44. Ke2 f4 45. Nc3 Kxb2 46.
Nd5 Rb5 47. Nf6 Re5+ 48. Kf3 Re3+ 49. Kf2 Kc2 50. Nxh5 Kd3 51. h4 Re5 52. Kf3
gxh4 53. Nxf4+ Kd4 54. Kg4 Ke3 55. Ng6 Re4+ 56. Kh3 Kf2 1/2-1/2

[Event "II C.to Italiano Serie Nazionali a squadre"]
[Site "Arvier ITA"]
[Date "2008.05.03"]
[Round "3"]
[White "Sorcinelli, Francesco"]
[Black "Turrin, Osvaldo"]
[Result "0-1"]
[WhiteElo "2078"]
[BlackElo "1997"]
[PlyCount "90"]
[EventDate "2008.05.02"]

1. Nf3 Nf6 2. c4 e6 3. g3 b6 4. Bg2 Bb7 5. O-O c5 6. Nc3 Be7 7. Re1 O-O 8. e4
d6 9. d4 cxd4 10. Nxd4 Ne8 11. Be3 Nc6 12. Nde2 Ne5 13. b3 Rc8 14. h3 Qc7 15.
f4 Ng6 16. Qd3 Nf6 17. Bf2 Rfd8 18. Rac1 Qb8 19. Nd4 Bf8 20. Qe2 Re8 21. Nf3
Qa8 22. Nh2 Rcd8 23. Rcd1 Nd7 24. h4 f5 25. h5 Nh8 26. Nb5 Qb8 27. Qc2 fxe4 28.
Bxe4 Nf6 29. Bxb7 Qxb7 30. Qe2 d5 31. cxd5 exd5 32. Qd3 Rxe1+ 33. Rxe1 Nf7 34.
h6 Nxh6 35. Nf3 Nhg4 36. Bd4 Bc5 37. Ng5 a6 38. b4 Bxb4 39. Nc3 Bc5 40. Bxc5
bxc5 41. Rb1 Qa7 42. Qf5 c4+ 43. Kh1 Re8 44. Nxd5 Qa8 45. Rb8 Qxb8 0-1

[Event "II C.to Italiano Serie Nazionali a squadre"]
[Site "Arvier ITA"]
[Date "2008.05.03"]
[Round "3"]
[White "Trevisan, Luigi"]
[Black "Pepino, Enrico"]
[Result "0-1"]
[WhiteElo "2162"]
[BlackElo "2138"]
[PlyCount "69"]
[EventDate "2008.05.02"]

1. c4 Nf6 2. Nc3 g6 3. Nf3 Bg7 4. g3 O-O 5. Bg2 c5 6. O-O Nc6 7. d3 d5 8. cxd5
Nxd5 9. Bd2 Nc7 10. Rc1 Bd7 11. Qb3 Rb8 12. Qc4 b6 13. Qh4 e5 14. Bg5 f6 15.
Bh6 Qe7 16. Bxg7 Kxg7 17. g4 Rbe8 18. Nd2 Nd4 19. Rfe1 Bc6 20. Bxc6 Nxc6 21.
Qg3 Ne6 22. Nc4 Rd8 23. h4 Nf4 24. Ne3 Kh8 25. Ng2 Nxg2 26. Kxg2 Nd4 27. Qe3 f5
28. g5 f4 29. Qe4 Nf5 30. Rh1 Rd4 31. Qf3 a5 32. Ne4 Rb4 33. b3 Nd4 34. Qg4
Nxe2 35. h5 0-1

[Event "II C.to Italiano Serie Nazionali a squadre"]
[Site "Arvier ITA"]
[Date "2008.05.03"]
[Round "3"]
[White "Zanatta, Federico"]
[Black "Favoni, Matteo"]
[Result "1/2-1/2"]
[WhiteElo "2030"]
[BlackElo "1912"]
[PlyCount "90"]
[EventDate "2008.05.02"]

1. e4 c5 2. Nc3 d6 3. g3 Nc6 4. Bg2 g6 5. f4 Bg7 6. Nf3 e6 7. d3 Nge7 8. O-O
O-O 9. Be3 Nd4 10. Rb1 Nec6 11. Ne2 f5 12. c3 Nxf3+ 13. Bxf3 Qc7 14. Qd2 b6 15.
Rbc1 Bb7 16. g4 Ne7 17. Ng3 d5 18. gxf5 dxe4 19. dxe4 gxf5 20. Qg2 Kh8 21. exf5
Bxf3 22. Rxf3 Nxf5 23. Nxf5 exf5 24. Kh1 Qc6 25. Rg1 Rg8 26. Rg3 Qxg2+ 27. Kxg2
Bf6 28. Kf3 Bh4 29. R3g2 Rae8 30. b4 Rxg2 31. Rxg2 Bf6 32. bxc5 Rc8 33. cxb6
axb6 34. Rc2 b5 35. Ke2 Rxc3 36. Rxc3 Bxc3 37. Kd3 Bb4 38. Kd4 Kg7 39. Kd5 Be1
40. Kc5 b4 41. Kc4 Kg6 42. Bc5 Bd2 43. Bd6 Kf6 44. Kd3 Ke6 45. Be5 Be1 1/2-1/2

[Event "II C.to Italiano Serie Nazionali a squadre"]
[Site "Arvier ITA"]
[Date "2008.05.03"]
[Round "3"]
[White "Zoldan, Matteo"]
[Black "Voicu, Joan Paul"]
[Result "1-0"]
[WhiteElo "2208"]
[BlackElo "2143"]
[PlyCount "65"]
[EventDate "2008.05.02"]

1. e4 c5 2. Nf3 d6 3. d4 cxd4 4. Nxd4 Nf6 5. Nc3 a6 6. f3 e6 7. Be3 b5 8. g4 h6
9. Qd2 b4 10. Nce2 Nbd7 11. O-O-O d5 12. exd5 Nxd5 13. Nf4 N7b6 14. Bd3 Bd6 15.
Nxd5 Nxd5 16. Be4 Bb7 17. Nf5 Be5 18. f4 Nxe3 19. Qxe3 Qc7 20. fxe5 exf5 21.
Bxb7 Qxb7 22. gxf5 Rc8 23. Rhg1 Qc6 24. Rd2 Qc5 25. Qg3 b3 26. a3 Rc6 27. Qxg7
Rf8 28. Qg3 Qc4 29. Rgd1 Rc8 30. c3 Qe4 31. e6 Qxf5 32. e7 Kxe7 33. Qd6+ 1-0

[Event "II C.to Italiano Serie Nazionali a squadre"]
[Site "Arvier ITA"]
[Date "2008.05.03"]
[Round "4"]
[White "Barletta, Mauro"]
[Black "Pulito, Alberto"]
[Result "0-1"]
[WhiteElo "2205"]
[BlackElo "2261"]
[PlyCount "73"]
[EventDate "2008.05.02"]

1. e4 e6 2. d3 d5 3. Qe2 Nf6 4. Nf3 Be7 5. c3 c5 6. g3 b6 7. e5 Nfd7 8. Bg2 Bb7
9. h4 Nc6 10. Bf4 Qc7 11. Na3 a6 12. Nc2 h6 13. O-O O-O-O 14. d4 Rdg8 15. h5 g6
16. c4 g5 17. Bd2 dxc4 18. Bc3 g4 19. Nd2 cxd4 20. Nxd4 Ncxe5 21. Bxb7+ Kxb7
22. Qe4+ Kb8 23. Rad1 Bf6 24. Rfe1 Rg5 25. Qh1 Rc8 26. Ne4 Nd3 27. Nxg5 Bxg5
28. Re2 Ka7 29. b3 N3e5 30. bxc4 Qxc4 31. Ba1 Qa4 32. Kh2 Rc4 33. Nc6+ Qxc6 34.
Bxe5 Nxe5 35. Rxe5 Qc7 36. Qf1 Rc2 37. Re4 $138 0-1

[Event "II C.to Italiano Serie Nazionali a squadre"]
[Site "Arvier ITA"]
[Date "2008.05.03"]
[Round "4"]
[White "Broli, Carlo"]
[Black "Giobbi, Costantino"]
[Result "0-1"]
[WhiteElo "1907"]
[BlackElo "1968"]
[PlyCount "50"]
[EventDate "2008.05.02"]

1. c4 e6 2. Nc3 d5 3. d4 Nf6 4. Bg5 Be7 5. Nf3 O-O 6. e3 Nbd7 7. Rc1 c6 8. Bd3
h6 9. Bh4 dxc4 10. Bxc4 b5 11. Bd3 Bb7 12. O-O a6 13. Ne4 Rc8 14. Bg3 Nxe4 15.
Bxe4 Nf6 16. Bb1 c5 17. Be5 cxd4 18. Rxc8 Qxc8 19. Bxd4 Rd8 20. Qd2 Bxf3 21.
gxf3 e5 22. Rc1 Qe6 23. Qd3 exd4 24. e4 g6 25. Kg2 Nh5 0-1